| 000 | 01493cam a22004094i 4500 | ||
|---|---|---|---|
| 003 | PE-LiUPU | ||
| 005 | 20250731173159.0 | ||
| 008 | 150623s1973 sp r 000 0 spa d | ||
| 035 | _a(Sirsi) a29370 | ||
| 040 |
_aPE-LiUPU _bspa _cPE-LiUPU _erda |
||
| 082 | 0 | 4 |
_a289.9 _bH32 _221 |
| 100 | 1 |
_aHebert, G., _eautor. |
|
| 245 | 1 | 4 |
_aLos testigos de Jehová : _bEnsayo crítico sobre su historia y su doctrina. |
| 264 | 1 |
_aMadrid : _bmarciega, _c1973. |
|
| 300 |
_a278 páginas ; _c21 centímetros |
||
| 336 |
_atext _2rdacontent |
||
| 337 |
_aunmediated _2rdamedia |
||
| 338 |
_avolume _2rdacarrier |
||
| 504 | _aBibliografía : páginas 269-273. | ||
| 505 | 0 | _aLos comienzos. su vocación -- sus actividades. viajes y negocios -- sus ideas sobre el fin del mundo -- su caracter y su vida privada -- el final de Russell. | |
| 526 | _aSEG42 | ||
| 526 | _aSEG41 | ||
| 526 | _aSEG40 | ||
| 526 | _aSEG39 | ||
| 526 | _aP94 | ||
| 526 | _aP87 | ||
| 526 | _aP86 | ||
| 526 | _aP85 | ||
| 526 | _aP77 | ||
| 526 | _aP76 | ||
| 526 | _aP35 | ||
| 942 |
_2ddc _cBOOK |
||
| 949 |
_a289.9 H32 _wDEWEY _c1 _i38827 _lCCODEBUL1 _mBUL _p30.00 _r0 _sY _tBOOK _u2015-06-24 _xBIBLIOTECA _zUNKNOWN _0COMPRA _o.STAFF. Colección Teología |
||
| 596 | _a1 | ||
| 999 |
_a289.9 H32 _wDEWEY _c36720 _i38827 _d36720 _e2016-10-11 _f2021-11-12 _g5 _lCCODEBUL1 _mBUL _n1 _p30.00 _q1 _r0 _sY _tBOOK _u2015-6-24 _xTEOLOGIA _PP35 _0COMPRA _o.STAFF. Colección Teología |
||
| 980 |
_81 _gALBERTO SANCHEZ Responsable de Automatización |
||